Statistics for How many times can you type 1 in 15 seconds

Click here to take the quiz!

General Stats

  • This quiz has been taken 266 times
  • The average score is 171 of 300

Answer Stats

Amount1% Correct
11
100%
141
99%
21
99%
251
99%
211
99%
201
99%
191
99%
181
99%
171
99%
161
99%
151
99%
231
99%
131
99%
111
99%
101
99%
91
99%
81
99%
71
99%
61
99%
271
98%
31
98%
311
98%
121
98%
291
98%
41
98%
221
98%
51
98%
241
98%
281
97%
461
97%
301
97%
441
97%
421
97%
341
97%
261
97%
361
97%
501
97%
481
97%
391
97%
401
97%
331
97%
511
96%
491
96%
521
96%
471
96%
411
96%
451
96%
381
96%
371
96%
351
96%
321
96%
431
96%
531
95%
551
94%
571
94%
541
93%
561
93%
581
93%
631
92%
681
92%
661
92%
641
92%
621
92%
611
92%
601
92%
591
92%
651
91%
671
91%
691
89%
741
88%
721
88%
701
88%
711
87%
731
87%
751
86%
761
86%
771
86%
781
85%
801
85%
791
84%
811
83%
821
82%
831
82%
841
81%
851
81%
861
80%
871
78%
881
78%
891
76%
901
75%
911
74%
921
72%
931
72%
941
69%
951
68%
961
68%
971
65%
981
65%
991
63%
1001
62%
1011
61%
1021
59%
1031
59%
1041
57%
1051
57%
1061
57%
1071
53%
1081
53%
1091
51%
1121
50%
1111
50%
1101
50%
1131
49%
1141
49%
1151
49%
1171
49%
1161
48%
1181
48%
1191
48%
1271
46%
1241
46%
1231
46%
1211
46%
1221
45%
1251
45%
1261
45%
1201
45%
1281
45%
1291
45%
1301
45%
1401
44%
1311
44%
1321
44%
1341
44%
1361
44%
1371
44%
1451
43%
1411
43%
1431
43%
1391
43%
1351
43%
1331
43%
1381
43%
1491
42%
1541
42%
1521
42%
1501
42%
1481
42%
1471
42%
1461
42%
1441
42%
1421
42%
1561
42%
1691
41%
1671
41%
1681
41%
1651
41%
1701
41%
1711
41%
1721
41%
1731
41%
1661
41%
1511
41%
1641
41%
1631
41%
1621
41%
1611
41%
1601
41%
1591
41%
1581
41%
1571
41%
1551
41%
1531
41%
1761
40%
1751
40%
1741
40%
2171
39%
2061
39%
2071
39%
2081
39%
2091
39%
2101
39%
2111
39%
2121
39%
2131
39%
2141
39%
2151
39%
2161
39%
2241
39%
2181
39%
2191
39%
2201
39%
2211
39%
2221
39%
2231
39%
2041
39%
2251
39%
2261
39%
2271
39%
2281
39%
2291
39%
2051
39%
1991
39%
2031
39%
2021
39%
1771
39%
1781
39%
1791
39%
1801
39%
1811
39%
1821
39%
1831
39%
1841
39%
1851
39%
1861
39%
1871
39%
1881
39%
1891
39%
1961
39%
2011
39%
2001
39%
1981
39%
1901
39%
1971
39%
1951
39%
1941
39%
1931
39%
1921
39%
1911
39%
2361
38%
2401
38%
2391
38%
2381
38%
2371
38%
2321
38%
2351
38%
2331
38%
2311
38%
2301
38%
2341
38%
2481
37%
2531
37%
2521
37%
2501
37%
2491
37%
2511
37%
2471
37%
2451
37%
2441
37%
2431
37%
2421
37%
2411
37%
2461
37%
2741
36%
2701
36%
2711
36%
2721
36%
2731
36%
2781
36%
2751
36%
2761
36%
2771
36%
2791
36%
2801
36%
2811
36%
2691
36%
2681
36%
2671
36%
2581
36%
2541
36%
2551
36%
2561
36%
2571
36%
2591
36%
2601
36%
2611
36%
2621
36%
2631
36%
2641
36%
2651
36%
2661
36%
2861
35%
2881
35%
2871
35%
2841
35%
2851
35%
2831
35%
2821
35%
2891
34%
2901
34%
2911
34%
2921
34%
2931
34%
2941
34%
2951
34%
2961
34%
2991
34%
3001
34%
2971
33%
2981
33%

Score Distribution

Percentile by Number Answered

Percent of People with Each Score

Your Score History

You have not taken this quiz